Pokémon - Les attaques de Arceus - Statistiques

Statistiques générales
  • Ce quiz a été pris 47 fois
  • Le résultat moyen est 5 sur 12
Statistiques - réponses
Niveaux Types Noms des coups % Correct
Niveau 100 Normal Jugement
100%
Niveau 80 Normal Ultralaser
83%
Niveau 20 Sol Telluriforce
66%
Niveau 60 Psy Prescience
59%
Niveau 70 Normal Soin
59%
Niveau 40 Normal Vitesse Extrême
52%
Niveau 10 Psy Gravité
31%
Départ Combat Frappe Atlas
24%
Niveau 30 Normal Mégaphone
24%
Départ Psy Force Cosmique
21%
Niveau 90 Normal Requiem
14%
Niveau 50 Psy Vœu Soin
10%
Aucun quiz correspondant
Distribution des résultats
% des personnes avec chaque résultat
Percentile par nombre de réponses
Votre historique - résultats
Vous n’avez pas pris ce quiz